000 00458nam a22001577a 4500
020 _a9789383570195
082 _aM100 9
_bSUR/M
100 _aSuraja E M
_936228
245 _aMalayala kavyaparinamam:
_bvallatholinte sambaavana/
_cby Suraja E M
260 _aEdapal:
_bVallathjol Vidhyapeetham,
_c2015.
300 _a32p.
650 _aPoetry Criticism Malayalam
_936229
650 _aLiterature Malayalam
_936230
650 _aLiterature
_936231
942 _cBK
999 _c70472
_d70472